[Event "Young Masters"]
[Site "Cuernavaca MEX"]
[Date "2006.02.08"]
[Round "6"]
[White "Karjakin, Sergey"]
[Black "Vallejo Pons, Francisco"]
[Result "0-1"]
[WhiteElo "2660"]
[BlackElo "2650"]
[Annotator "Rahal, M"]
[PlyCount "68"]
[EventDate "2006.02.03"]
[Source "EDAMI"]
[SourceDate "2006.12.20"]

1. e4 e5 2. Nf3 Nc6 3. Bb5 Nf6 {Paco plantea inicialmente la Defensa Berlinesa,
aunque su intención no es jugar esta variante.} 4. O-O Nxe4 5. d4 a6 $5 {
Esta es la idea. Cada vez hay más adeptos a este orden de jugadas, que tiene
como fin jugar la Variante Abierta de la Española, pero evitando alguna que
otra línea como por ejemplo la variante del cambio.} 6. Ba4 ({La alternativa} 
6. Bxc6 dxc6 7. Qe2 (7. Re1 Nf6 {es inofensivo}) 7... Bf5 8. dxe5 Be7 {
tampoco ofrece gran cosa a las blancas según la teoría moderna.}) 6... b5 7.
Bb3 d5 8. dxe5 Be6 {Y por transposición de jugadas hemos llegado a la posición
principal de la Variante Abierta de la Apertura Española, defensa favorita de
Korchnoi y Yusupov entre otros grandes jugadores. # Las blancas tienen una
mayoría de peones en el flanco de rey con un peón avanzado en e5 mientras que
en compensación las negras tienen un peón "d" fuerte y una mayoría en el
flanco de dama. A pesar de que las blancas atacan con dos piezas el peón de d5
está bien defendido, mientras que el caballo de e4, aparentemente fuerte puede
ser expulsado (o cambiado) por la presión de las piezas blancas o bien con el
avance futuro f2-f3.} 9. Nbd2 {La jugada que está más de moda recientemente,
que ha sustituído la antigua 9.c3 seguido de 10.Bc2 y 11.Nbd2 por el ataque 9..
.Bc5 y el sacrificio de dos piezas por torre en la casilla f2.} Be7 {Karkajin e
lige la respuesta más sólida, mientras que 9...Nc5 10.c3 d4!? lleva a una
posición con muchas complicaciones.} 10. c3 {A esta posición también se puede
llegar vía el orden de jugadas 9.c3 Be7 10.Nbd2.} ({
La alternativa simplificadora} 10. Nxe4 dxe4 11. Bxe6 fxe6 12. Ng5 Bxg5 13.
Qh5+ g6 14. Qxg5 Qxg5 $2 15. Bxg5 O-O 16. Bf6 Nb4 17. Rae1 {es claramente
mejor para las blancas, aunque 14...0-0 promete juego igual según el estado de
la teoría.}) 10... O-O {Karjakin evita la variante principal que surge después
de la crítica 10...Nc5 y prefiere terminar su desarrollo.} 11. Bc2 f5 {
La jugada más fuerte para defender el caballo. Otras jugadas permiten a las
blancas adueñarse de la iniciativa.} 12. Nb3 ({No promete nada} 12. exf6 Nxf6
13. Nb3 Bg4 $1 14. Qd3 Ne4 15. Nbd4 Nxd4 16. Nxd4 Bd6 {y como se puede
apreciar las piezas negras apuntan al enroque y cualquier despiste puede
significar el fin de la partida.}) ({Por su parte} 12. Nd4 Nxd4 13. cxd4 Nxd2
14. Bxd2 c5 $1 15. dxc5 Bxc5 16. Bb3 Qd7 17. Rc1 Rfc8 18. Bc3 a5 19. a3 Bb6 20.
Rc2 a4 21. Ba2 d4 $1 {
y las negras tienen buen juego en la partida Ivanchuk-Hjartasson/Tilburg 1988.}
) 12... Qd7 13. Nbd4 ({Puede que sea más exacto jugar} 13. Nfd4 {preparando un
rápido f2-f3, aunque en caso del cambio de caballos todo se reduce a una
simple transposición.}) 13... Nxd4 14. Nxd4 c5 15. Nxe6 Qxe6 16. f3 Ng5 {
Tras la secuencia casi forzada de jugadas, que a buen seguro ambos rivales
jugaron al toque, llegamos a la siguiente posición crítica, ya que las blancas
tiene la opción de cambiar el caballo.#} 17. a4 ({
La posición con alfiles de diferente color que surge tras} 17. Bxg5 {
no tiene nada de tablas, y de hecho las blancas tienen una muy pequeña ventaja.
} Bxg5 18. f4 Be7 19. Qf3 c4 20. Rfd1 Rad8 21. Rd2 Bc5+ 22. Kf1 $1 Rd7 23. Rad1
Rfd8 24. b3 g6 25. h3 h5 26. g3 Kg7 {Korsunsky-Chekhov/USSR 1979, y las
blancas tienen opciones de atacar con 27.Rg2 y g3-g4. La jugada textual
pretende abrir juego en el flanco de dama.}) 17... Rad8 ({Karjakin tiene una
cierta experiencia con esta variante. Sin ir más lejos hace un mes lo jugó
frente a otra experto de la Abierta, Ivan Sokolov.} 17... g6 18. Kh1 c4 19. b4
a5 20. bxa5 Rxa5 21. Bxg5 Bxg5 22. f4 Be7 23. axb5 Rxb5 24. Ba4 Rb2 25. Qd4 Rc8
26. Rfd1 Rc5 27. Rab1 Rxb1 28. Rxb1 Ra5 29. Bd1 Qa6 30. h3 Kg7 31. Bf3 Ra1 32.
Rxa1 Qxa1+ 33. Kh2 Qa5 34. Bxd5 Bc5 35. Qxc4 Bf2 36. Qe2 Qc5 37. c4 Bg1+ 38.
Kh1 Be3 39. g3 Qa3 40. Kg2 h5 41. h4 Bc5 42. Qc2 Kf8 43. Qb1 Qb4 44. Qc2 Ke7
45. Bf3 Qe1 46. Qb3 Qb4 47. Qd3 Qb2+ 48. Kh3 Bd4 49. Bg2 Kf8 50. c5 {
1-0 Karjakin,S-Sokolov,I/Wijk aan Zee NED 2006/The Week in Chess 586}) 18. axb5
axb5 19. Kh1 f4 $5 $146 {Sin duda Paco conocía las referencias en esta
variante, y con seguridad sabía de esta partida de Karjakin con Sokolov. Su
novedad 19...f4!? impide a las blancas cambiar en g5 seguido de f3-f4, aunque
en su contra juega que ahora el alfil de c2 tiene buenas perspectivas en el
flanco de rey. Además, aisla el peón de e5 que en un futuro puede ser
capturado, y prepara el bloqueo ...Ne6. De todas formas la posición está
abierta y las blancas tiene columnas y diagonales donde jugar.} 20. Bd2 c4 $1 {
Cerrando la posición aún más. Las negras tienen ligera ventaja.} 21. Ra5 Qc6
22. Qa1 Bc5 {El alfil se ubica en una excelente diagonal, y de paso controla
"a7", casilla de penetración de la torre en la séptima.} 23. Ra6 Qb7 24. Qa5 $6
({Era a considerar} 24. b4 $1 cxb3 25. Bxb3 {con presión sobre d5.}) 24... Rde8
$17 25. Re1 Bf2 $1 {Excelente jugada, desplazando la torre de la columna "e".}
26. Rf1 ({Quizás Karjakin quería jugar} 26. Re2 {pero entonces Paco tenía una
sorpresa preparada, especulando con la debilidad de la primera fila.} Ra8 $3
27. Rxa8 Rxa8 28. Qb4 Ra1+ $19) 26... Be3 27. Bxe3 fxe3 $19 {# Karjakin tiene
graves problemas ya. El peón e5 va a caer y el peón pasado de e3 es muy
preocupante. Posiblemente el blanco está perdido a estas alturas.} 28. Qb6 Qxb6
29. Rxb6 Rxe5 30. Rxb5 e2 31. Re1 {Y tras esta secuencia de jugadas forzadas,
Paco remata brillantemente la partida, colocándose líder del torneo.##} Rxf3 $1
{Gran sacrificio de destrucción.} 32. gxf3 Nxf3 33. Rxd5 (33. Ra1 g6 $1 34. b4
Rh5 $1 $19) 33... Rxd5 34. Rxe2 Rg5 $1 {
Tras 35.Rg2 y el cambio de torres hay un doble de caballo en la casilla e1.}
0-1

[Event "WCC"]
[Site "Khanty Mansyisk RUS"]
[Date "2005.12.09"]
[Round "51"]
[White "Gelfand, Boris"]
[Black "Grischuk, Alexander"]
[Result "1-0"]
[WhiteElo "2717"]
[BlackElo "2720"]
[Annotator "Ubilava, E"]
[PlyCount "73"]
[EventDate "2005.11.27"]
[Source "EDAMI"]
[SourceDate "2006.12.20"]

{Cuando uno se levanta con mal pie es un dia para olvidar. Supongo que para
cualquier profesional una derrota significa un mal dia, sobre todo cuando se
juega una mala partida. En la que vamos a ver, Grischuk está irreconocible,
parece apático y ausente del tablero. La variante de la Nimzoindia utilizada
por Gelfand se encuentra bajo el punto de mira de los grandes del tablero,
sobre todo después de la impactante victoria de Topalov contra Anand en el
super torneo de Sofia de este año.   Quizás la continuación del utiliza aquí
el gran maestro moscovita no sea mala, pero a mí no me convenció y supongo que
tampoco a su adversario. El error evidente de Alexander Grischuk fue la jugada
18... Ng5? intentando trasladar su caballo a través de la casilla f3 hasta d4.
Pero eso no fue posible y prácticamente aquí terminó la partida, porque las
negras quedaron obligadas a destruir su propia posición con 21... f6 y 23...
Ne5 tras lo que a Gelfand sólo le quedó recoger todos los peones que dejó su
rival en el flanco del rey.} 1. d4 Nf6 2. c4 e6 3. Nf3 b6 4. g3 Ba6 5. b3 Bb4+
6. Bd2 Be7 7. Nc3 c6 8. e4 d5 9. Qc2 dxe4 10. Nxe4 c5 {En la mencionada
partida Topalov-Anand, los acontecimientos importantes ocurrieron después de} (
10... Bb7 11. Neg5 c5 12. d5 exd5 13. cxd5 h6 14. Nxf7 Kxf7 15. O-O-O Bd6 16.
Nh4 Bc8 17. Re1 Na6 18. Re6 {con gran compensación.}) 11. dxc5 Bb7 12. Bd3 bxc5
13. Bc3 Qb6 14. O-O-O Nc6 15. Rhe1 Rd8 $6 {Creo que es aquí donde las negras
empezaron a dudar sobre "adonde ir" y tuvieron un completo desacierto con su
plan del medio juego. Las opciones que había que considerar eran:} (15... Nb4
16. Bxb4 Qxb4 17. Ne5 h6 18. f4 O-O 19. g4 {lo que quizás no le gustaba a
Grischuk demasiado. Pero había otra continuación que, a mi modo de ver, encaja
completamente en el estilo de juego del gran maestro ruso:}) (15... a5 $5 {
por ejemplo:} 16. Qb2 Nb4 17. Bxf6 Bxe4 18. Bxe4 (18. Bxg7 Bxf3 $1 (18... Nxd3+
19. Rxd3 Bxd3 20. Bxh8 a4 21. Ne5 {favorece a las blancas}) 19. Bxh8 O-O-O $1 {
con gran ventaja para las negras}) 18... Bxf6 19. Ne5 Rb8 {
con una posición de doble filo}) 16. Ne5 Nb4 ({Era posible} 16... Nd4 17. Bxd4
Bxe4 (17... Rxd4 {llevaría a un completo desastre} 18. Ng5 O-O 19. Bxh7+ Kh8
20. Nexf7+) 18. Bc3 ({después de} 18. Bxe4 cxd4 19. Bc6+ Kf8 20. Bf3 Bb4 21.
Re2 Bc3 {las negras están bien}) 18... Bxd3 19. Rxd3 O-O 20. f4 a5 {
con iguales posibilidades para ambos partes}) 17. Bxb4 Nxe4 18. Ba3 {diagrama}
Ng5 $2 {Hay que tener cuidado con este tipo de saltos, porque si no se
justifica muy rápido, las consecuencias pueden ser irreparables. Algo calculó
mal nuestro amigo, porque si no hubiera retrocedido simplemente a f6} (18...
Nf6 19. Bb2 (19. f4 Qa5 20. Kb2 {parece muy pobre para las blancas}) 19... a5
20. g4 a4 21. f4 {y las blancas tienen un plan más claro.}) 19. Bb2 Bf6 ({
No vale} 19... f6 {por} 20. h4 fxe5 21. hxg5 Bxg5+ 22. f4 exf4 23. gxf4 Bxf4+
24. Kb1 {con gran iniciativa para Gelfand}) 20. Re3 $1 {Con esta simple jugada,
Gelfand refuta todo el plan de su adversario. !La casilla f3 está envenenada!}
Bxe5 21. Bxe5 f6 ({Quizás hubiera que entregar el peón} 21... O-O 22. h4 Nf3
23. Bxh7+ Kh8 24. Rxd8 Rxd8 25. Bd3 {pero no hay compensación}) 22. Bc3 {
Amenaza 23.f4 y toda la posición negra queda tremendamente vulnerable.} Nf3 23.
Qe2 {
La lucha ha terminado, pronto sólo quedarán las ruinas de la posición negra.}
Ne5 24. Bxe5 fxe5 25. Qh5+ Kf8 26. Qxe5 Kf7 27. Rde1 Rd6 28. Qh5+ Kf6 29. Bxh7
{Sin duda las negras podían abandonar la lucha aquí, pero aún siguen la
partida por inercia.} Rf8 30. f4 Ke7 31. Qg5+ Rf6 32. Qxg7+ Rf7 33. Qg5+ Kd7
34. Bc2 Kc7 35. Qe5 Kd8 36. f5 Bc8 37. Rd3 1-0

[Event "WCC"]
[Site "Khanty Mansyisk RUS"]
[Date "2005.12.13"]
[Round "6.2"]
[White "Aronian, Levon"]
[Black "Bacrot, Etienne"]
[Result "1-0"]
[WhiteElo "2724"]
[BlackElo "2725"]
[Annotator "Ubilava, E"]
[PlyCount "122"]
[EventDate "2005.11.27"]
[Source "EDAMI"]
[SourceDate "2006.12.20"]

{El segundo dia del match entre L.Aronian y E.Bacrot produjo este decisivo
encuentro, que transcurrió con ventaja de las blancas, pero que finalmente
debió terminar en tablas. Para mi sorpresa, el jugador francés abandonó la
partida en una posición donde yo no pude descifrar como demonios podía ganar
este final el gran maestro armenio si las negras hubieran continuado.} 1. d4 d5
2. c4 c6 3. Nf3 Nf6 4. Nc3 a6 5. a4 e6 6. g3 $5 {
Este plan tiene bastante veneno y merece atención para ser bien investigado}
dxc4 7. Bg2 c5 8. dxc5 {Esta jugada es la clave del plan. Las blancas ofrecen
el cambio de damas con idea de recuperar el peón c4 y sobre todo, ejercer 
presión sobre la diagonal h1-a8, lo que normalmente les proporciona una
pequeña pero duradera ventaja.} Qxd1+ 9. Nxd1 Nc6 ({En caso de} 9... Bxc5 {
existen dos opciones: jugar} 10. Ne5 {
directamente, para recuperar enseguida el peón en c4, o seguir con} (10. Be3
Bb4+ 11. Bd2 {
igualmente recuperando el peón a corto plazo, con mejores posibilidades})) 10.
Be3 Nd5 11. O-O Nxe3 ({Después de} 11... Bd7 12. Nd2 Na5 13. Bd4 f6 14. Ne3
Nxe3 15. Bxe3 Rc8 16. Rac1 {las negras no pueden tomar el peón en a4} Bxa4 {por
} 17. Ra1) 12. Nxe3 Bxc5 13. Nxc4 Ke7 14. Rac1 {Las blancas están claramente
mejor desarrolladas y su rival debe tener mucho cuidado para mantener el
equilibrio.} Bd7 $5 {Bacrot decide sacrificar un peón para activar sus piezas
y terminar de una vez por todas el desarrollo de sus piezas. También parece
viable la continuación} (14... Rd8 {y si} 15. Nce5 Nxe5 16. Rxc5 Nc6 {
con idea de jugar ...Bd7}) 15. Nfe5 Nxe5 16. Nxe5 Bd6 17. Nxd7 Kxd7 18. Bxb7
Ra7 19. Bc6+ Ke7 20. b3 Rb8 {Las negras, a cambio de un peón, han podido sacar
sus torres y controlan bien la posición.} 21. Rb1 f5 $5 {Esta jugada impide
trasladar el alfil blanco a través de las casillas e4-d3 hasta c4} 22. e3 Rc7
23. Bf3 Rc3 24. Be2 Rcxb3 25. Rxb3 Rxb3 26. Bxa6 Ra3 27. Bb5 Be5 {Bacrot ha con
seguido realizar toda su idea y hace inevitable el cambio de la última pareja
de torres.} 28. Kg2 Ra1 29. Rxa1 Bxa1 30. a5 Be5 31. a6 Bb8 32. h4 Ba7 {
Estamos en un final donde el peón "a" está demasiado avanzado, lo que hace la
posición de las negras bastante peligrosa, pero el factor de los alfiles de
diferente color otorga a Bacrot buenas posibilidades para salvar la partida.}
33. Kf3 Kf6 34. g4 {Las blancas amenazan g5} h6 35. h5 g5 $1 36. hxg6 Kxg6 37.
gxf5+ exf5 {Parece que Aronian ha conseguido sus propósitos y ahora puede
crear otro peón pasado en la columna "f". No valía} (37... Kxf5 38. Bd3+ Kg5
39. Ke4 Kf6 40. Kf4 h5 41. Kg3 Kg5 42. f4+ Kf6 43. e4 e5 44. f5 Kg5 45. Bf1 {
con una posición ganadora para las blancas.}) 38. Bf1 Kg5 39. Kg3 Kf6 40. Bg2
Bb6 41. Kh4 Kg6 42. Bc6 Bd8+ 43. Kg3 Bb6 44. e4 {
Finalmente las blancas empiezan a ejecutar su plan.} Kf6 45. f4 fxe4 46. Bxe4
Ke6 47. Kg4 Kf6 48. Bg2 Ba7 49. Bh3 Bc5 50. f5 Ba7 {diagrama. En esta posición
Bacrot abandonó la partida. Vamos a intentar  resistir por parte de las negras:
} 51. Kf4 h5 52. Ke4 Ke7 53. Kd5 Kd7 $1 {Esta jugada cierra el paso al rey de
las blancas y sólo les deja con la opción de} 54. f6+ Ke8 {Y ahora, cuando el
peón se ha movido de la casilla f5, nuestro peón "h" será la clave para
conseguir tablas} 55. Be6 h4 56. Kc6 h3 57. Kb7 h2 58. Bd5 Be3 59. a7 Bxa7 60.
Kxa7 h1=Q 61. Bxh1 Kf7 {con tablas.} 1-0

[Event "WCC"]
[Site "Khanty Mansyisk RUS"]
[Date "2005.12.17"]
[Round "7.4"]
[White "Ponomariov, Ruslan"]
[Black "Aronian, Levon"]
[Result "0-1"]
[WhiteElo "2704"]
[BlackElo "2724"]
[Annotator "Ubilava, E"]
[PlyCount "102"]
[EventDate "2005.11.27"]
[Source "EDAMI"]
[SourceDate "2006.12.20"]

{Este encuentro fue el segundo del desempate, después de la victoria del
jugador armenio en el primero, así que Ponomariov estaba obligado a luchar por
la victoria. La partida resultó bastante interesante. Las blancas sacrificaron
un peón en el medio juego y creo que obtuvieron suficiente compensación, pero
L.Aronian pudo controlar bien las amenazas y en el contraataque final pudo
superar por segunda vez a su temible rival.} 1. e4 e5 2. Nf3 Nc6 3. Bb5 a6 4.
Ba4 Nf6 5. O-O Be7 6. Re1 b5 7. Bb3 O-O 8. a3 d6 9. c3 Be6 {
Otra opción es la jugada} (9... Na5) 10. d4 Bxb3 11. Qxb3 Re8 12. Qc2 Bf8 13.
Bg5 $5 {Las blancas sacrifican un peón, aunque consiguen suficiente
compensación, porque después de} (13. Nbd2 d5 {las negras igualaban la posición
}) 13... h6 14. Bh4 ({No ofrece nada} 14. Bxf6 Qxf6 15. d5 Ne7 16. Nbd2 Rec8 {
con idea de c6}) 14... g5 15. Bg3 g4 $5 {Aronian acepta el desafío, sobre todo
porque le gustan las posiciones tácticamente complicadas.} 16. Nh4 exd4 17. Nd2
dxc3 18. Qxc3 Ne5 19. Nf5 Nh5 {Se amenazaba 20.Bh4} 20. Nf1 ({Ahora} 20. Bh4 {
no consigue nada por} Qd7) 20... Nxg3 21. N1xg3 Re6 22. Rad1 Rc8 {Por la debili
dad de la estructura de peones adversaria en el flanco del rey, las blancas
tienen suficiente compensación, pero nada más.} 23. Ne2 Qg5 24. Ned4 Rf6 25. h4
({No vale} 25. Nc6 {por} Rxf5 $1 26. exf5 Nf3+) 25... gxh3 26. Qxh3 Qg4 27.
Qxg4+ {No hay nada mejor que este cambio.} Nxg4 28. Nc6 Re6 29. f3 Ne5 30. Nfd4
Ree8 31. Re2 $2 (31. Kf2 Bg7 32. b3 {mantiene un aparente equilibrio}) 31... d5
{Mucho más sencillo parece} (31... Nxc6 32. Nxc6 f5 {
con ventaja para el jugador armenio}) 32. exd5 Nxc6 33. dxc6 ({Después de} 33.
Rxe8 Rxe8 34. Nxc6 Re2 35. b4 Bd6 {la partida queda igualada}) 33... Bg7 34.
Rxe8+ ({Era más precisa la continuación} 34. Red2 {pero las negras se defienden
} Bxd4+ (34... Rcd8 $2 35. Nf5 $1) 35. Rxd4 Re6 36. Rc1 Rce8 37. Rd7 R8e7 38.
b4 Kf8 {con igualdad}) 34... Rxe8 35. Nf5 Bxb2 36. Rd7 Re6 $1 37. Rxc7 Bxa3 {
a pesar del peón pasado avanzado en c6, las negras tienen la posición bajo
control} 38. Kf1 Bc5 39. Ng3 b4 40. Rc8+ Kh7 41. Ne4 {diagrama} b3 $1 42. c7 ({
Con} 42. Nxc5 b2 43. Rb8 Rxc6 44. Rxb2 Rxc5 45. Rb7 Kg7 46. Ra7 a5 {
las blancas probablemente pueden hacer tablas.}) 42... Rc6 43. Nf6+ Kg6 ({
Pierde} 43... Kg7 $4 {después de} 44. Ne8+ Kg6 45. Rb8 Bd4 46. c8=Q Rxc8 47.
Rxc8 b2 48. Rb8 a5 49. Nd6) 44. Rg8+ Kxf6 45. c8=Q Rxc8 46. Rxc8 Bb4 $1 {
Levon termina la partida con esta bonita idea. Ahora queda tapada la columna
"b" y el peón "a" pasado es imparable.} 47. Rc1 a5 48. Ke2 a4 49. Rc6+ Kg7 50.
Kd3 a3 51. Ra6 a2 0-1